000 00807nam a2200253Ia 4500
003 OSt
005 20220925215233.0
006 a|||||r|||| 00| 0
007 ta
008 220923b |||||||| |||| 00| 0 eng d
037 _cGeneral Book
040 _aRTL
_cRTL
_beng
041 _2eng
_aeng
082 _aY9(X9), K0/TD3
100 _aKerr Clark and others
_9282422
245 0 _aIndustrialism and industrial man
_b The problems of labor and management in economic growth
260 _aLondon
_bHeinemann
_c1960
300 _a317p.
_ccm.
490 _aHeinemann Books on Sociology. Ed by Donald Gunn Mac Rae
500 _aAppendix: P 299-301
650 _aIndustrial Sociology
942 _hY9(X9), K0/TD3
_cGB
_2CC
999 _c568262
_d568262